Handbook of applied econometrics. V.II : Microeconomics /
Index number and factor demand approaches to the estimation of productivity. Frontier production functions. Consumer demand systems and household equivalence scales. Empirical analyses of inequality and welfare. Estimating models of dynamic optimization with microeconomic data...
Bewaard in:
| Formaat: | Boek |
|---|---|
| Taal: | English |
| Gepubliceerd in: |
Oxford :
Blackwell,
1999.
|
| Onderwerpen: | |
| Tags: |
Voeg label toe
Geen labels, Wees de eerste die dit record labelt!
|
| Thư viện lưu trữ: | Mạng thư viện Đại học Đà Nẵng |
|---|
| LEADER | 01161cam a2200337 i 4500 | ||
|---|---|---|---|
| 001 | 000049556 | ||
| 003 | 9306 | ||
| 005 | 20030225154207.0 | ||
| 008 | 010315|1999 vm 000 eng | ||
| 020 | |a 0631216332 | ||
| 040 | |a IRC |c IRC |d IRC | ||
| 041 | 0 | |a eng | |
| 082 | 1 | 4 | |a 330.015195 |b Ha-A |
| 245 | 0 | 0 | |a Handbook of applied econometrics. |n V.II : |p Microeconomics / |c Edited by M. Hashem Pesaran and Peter Schmidt. |
| 260 | |a Oxford : |b Blackwell, |c 1999. | ||
| 300 | |a viii, 453 p. : |b ill. ; |c 24.5cm. | ||
| 520 | 3 | |a Index number and factor demand approaches to the estimation of productivity. Frontier production functions. Consumer demand systems and household equivalence scales. Empirical analyses of inequality and welfare. Estimating models of dynamic optimization with microeconomic data... | |
| 630 | 0 | 4 | |a Microeconomics. |
| 630 | 0 | 4 | |a Econometrics. |
| 650 | 0 | 4 | |a Microeconomics. |
| 650 | 0 | 4 | |a Econometrics. |
| OWN | |a DUT | ||
| 999 | |a From the UDN01 | ||
| TYP | |a Monograph | ||
| TYP | |a Printed language | ||
| 980 | |a Mạng thư viện Đại học Đà Nẵng | ||


